<?xml version="1.0" encoding="UTF-8"?><?xml-stylesheet type="text/xsl" href="static/style.xsl"?><OAI-PMH xmlns="http://www.openarchives.org/OAI/2.0/" xmlns:xsi="http://www.w3.org/2001/XMLSchema-instance" xsi:schemaLocation="http://www.openarchives.org/OAI/2.0/ http://www.openarchives.org/OAI/2.0/OAI-PMH.xsd"><responseDate>2026-04-26T20:33:56Z</responseDate><request verb="GetRecord" identifier="oai:uvadoc.uva.es:10324/5541" metadataPrefix="marc">https://uvadoc.uva.es/oai/request</request><GetRecord><record><header><identifier>oai:uvadoc.uva.es:10324/5541</identifier><datestamp>2021-09-06T09:06:19Z</datestamp><setSpec>com_10324_38</setSpec><setSpec>col_10324_852</setSpec></header><metadata><record xmlns="http://www.loc.gov/MARC21/slim" xmlns:doc="http://www.lyncode.com/xoai" xmlns:xsi="http://www.w3.org/2001/XMLSchema-instance" xmlns:dcterms="http://purl.org/dc/terms/" xsi:schemaLocation="http://www.loc.gov/MARC21/slim http://www.loc.gov/standards/marcxml/schema/MARC21slim.xsd">
<leader>00925njm 22002777a 4500</leader>
<datafield tag="042" ind1=" " ind2=" ">
<subfield code="a">dc</subfield>
</datafield>
<datafield tag="720" ind1=" " ind2=" ">
<subfield code="a">González-Calero Lorenzo, Sandra</subfield>
<subfield code="e">author</subfield>
</datafield>
<datafield tag="260" ind1=" " ind2=" ">
<subfield code="c">2014</subfield>
</datafield>
<datafield tag="520" ind1=" " ind2=" ">
<subfield code="a">La reagrupación familiar es una figura íntimamente relacionada con la de integración social de los inmigrantes en España. Es por este motivo por el que cobra tanta importancia, pues la familia es considerada como elemento básico y fundamental en una sociedad. Sin embargo, el derecho de reagrupación familiar es un derecho cuya titularidad la ostentan los inmigrantes, y sus familiares reagrupados, siempre y cuando cumplan una serie de requisitos establecidos por la LOEX 4/2009 y su desarrollo reglamentario (557/2011). A tenor de la jurisprudencia establecida por el Tribunal Constitucional en España, la reagrupación familiar es considerado un derecho conectado al artículo 39 CE (principio rector sobre protección de la vida en familia, no susceptible de protección constitucional). La tendencia jurisprudencial en España continúa en esta línea, a diferencia de la interpretación establecida por el Tribunal Europeo de los Derechos Humanos, que sobre reagrupación familiar establece una conexión con el derecho a la vida privada y familiar (art. 8 CEDH), dotándole de consideración de derecho humano perteneciente a todo ser humano.</subfield>
</datafield>
<datafield tag="024" ind2=" " ind1="8">
<subfield code="a">http://uvadoc.uva.es/handle/10324/5541</subfield>
</datafield>
<datafield ind1=" " ind2=" " tag="653">
<subfield code="a">Emigrantes-Integración social-España</subfield>
</datafield>
<datafield ind1=" " ind2=" " tag="653">
<subfield code="a">España -Emigración e inmigración</subfield>
</datafield>
<datafield ind1=" " ind2=" " tag="653">
<subfield code="a">Trabajadores extranjeros-Derecho-España</subfield>
</datafield>
<datafield tag="245" ind1="0" ind2="0">
<subfield code="a">La reagrupación familiar de los inmigrantes en España</subfield>
</datafield>
</record></metadata></record></GetRecord></OAI-PMH>